[Event "FIDE-Wch k.o."]
[Site "Las Vegas"]
[Date "1999.08.04"]
[Round "2.2"]
[White "Wahls, Matthias"]
[Black "Ivanchuk, Vassily"]
[Result "0-1"]
[WhiteElo "2582"]
[BlackElo "2702"]
[Annotator "Lukacs,P"]
[PlyCount "64"]
[EventDate "1999.07.31"]
[EventType "k.o."]
[EventRounds "7"]
[EventCountry "USA"]
[SourceTitle "CBM 072"]
[Source "ChessBase"]
[SourceDate "1999.10.01"]
[SourceVersion "1"]
[SourceVersionDate "1999.10.01"]
[SourceQuality "1"]

1. e4 e5 2. Nc3 Nf6 3. g3 c6 $5 (3... Nc6) (3... d5) 4. d4 $6 {This is not the
best reaction here.} (4. Bg2 $142 {is natural and better.}) 4... Bb4 {Black
makes profit from the pin on the b4-e1 /^.} (4... exd4 $6 {centralizes White's
Q, which was the main idea of 4.d4.} 5. Qxd4 d5 6. Bg5 $1 {Development first!}
Be7 7. O-O-O c5 8. Qa4+ Bd7 9. Bb5 d4 10. e5 $1 Ng4 11. Bxe7 Qxe7 12. Nd5 Qd8
13. Bxd7+ $16 {W.Watson-Show, London Lloyds 1993}) (4... Qa5 5. Bg2 (5. dxe5
Nxe4 6. Qd4 Nxc3 (6... Bb4 {- 4...Bb4}) 7. bxc3 Bc5 8. Qd3 d6 9. exd6 O-O {
Black has already the lead of development!} 10. Ne2 Re8 11. Bg2 Bg4 12. O-O $1
{White is not losing because of the back rank motifs.} Rxe2 (12... Bxe2 13. Re1
) 13. h3 Re6 14. hxg4 Rxd6 15. Qf5 Nd7 16. Bf4 g6 17. Qe4 Re6 {and Black has
everything in order, the ^^ is not dangerous, meanwhile White's weakened << P
structure is an excellent target, J.Pedersen-Sobjerg, Aarhus-ch 1995.}) 5... d5
(5... d6 {is a passive plan.} 6. Nge2 Be7 {The B is not an active piece now.}
7. O-O O-O 8. h3 $14 {and White has finished his development harmoniously
taking control over the central squares.}) 6. Bd2 exd4 7. Nxd5 Qd8 8. Nxf6+
Qxf6 9. Nf3 {Now White is ahead of developing his pieces.} Bc5 10. O-O O-O 11.
Ne1 {/\ Nd3} Nd7 12. Nd3 Bb6 13. Qh5 Re8 14. f4 $16 {/\ e5, Hoelzl-Van
Riemsdijk, IBM-B Amsterdam 1979.}) 5. Bg2 (5. dxe5 Nxe4 6. Qd4 Qa5 (6... Bxc3+
{gives up the tension too early.} 7. bxc3 d5 8. exd6 $14) 7. Nge2 d5 $1 (7...
Nxc3 {exchanges a strong central N for a bad one.} 8. Nxc3 O-O 9. Bd2 Re8 10.
O-O-O $1 Rxe5 (10... Bxc3 $2 11. Bxc3 Qxa2 $2 12. Bc4 $18) 11. a3 Bxa3 12. Nb1
$1 {double-attack} Qc5 13. Bc3 Qxd4 14. Bxd4 $18 {Kristensen-N.Pedersen,
DEN-chT 1994}) (7... f5 8. exf6 Nxf6 9. Bd2 O-O 10. O-O-O d5 11. a3 Bxc3 (11...
Bc5 $2 {is met by the pretty intermediate move} 12. Nxd5 $1 Bxd4 13. Nxf6+ Rxf6
14. Bxa5 Bxf2 15. Nc3 Rf8 16. Bc4+ $16 {and White has a big lead of
development, Arnason-Cela, Heraklio op 1993.}) 12. Nxc3 $14 {with good
perspectives on the dark squares.}) 8. exd6 Nxd6 {Now White's strong [+] has
disappeared.} 9. Bg2 O-O 10. O-O (10. a3 Bxc3+ (10... Bc5 $6 11. Qf4 $16) 11.
Qxc3 (11. Nxc3 Re8+ {reminds the white K of the importance of castles.}) 11...
Qxc3+ 12. Nxc3 Re8+ 13. Kd1 (13. Kf1 Bf5) 13... Bg4+ 14. f3 Bf5 $11 {and
although White has obtained the ^^, his K in the middle causes some headache
for him.}) 10... Nf5 $11) 5... d5 $1 (5... d6 {is again a passive method.} 6.
Nge2 Nbd7 7. O-O O-O 8. h3 $14) 6. exd5 Nxd5 7. Bd2 $2 (7. Nge2 Nxc3 ({giving
away the B is less logical:} 7... Bxc3+ 8. bxc3 O-O 9. O-O) (7... exd4 $5 8.
Qxd4 O-O 9. Bxd5 (9. O-O Nxc3) 9... Qxd5 10. Qxd5 cxd5 11. O-O (11. Be3 Bg4)
11... Bxc3 ({or} 11... Be6 12. Be3 (12. Nd4 Nc6) 12... Nc6 {and despite of the
isolated P Black has a good game because of the weak light squares.}) 12. Nxc3
d4 13. Nb5 Nc6 14. Rd1 Bf5 $11 {with a completely even position in the _|_.})
8. bxc3 Bd6 {Black wants to exploit the weaknesses on the <<.} 9. O-O Nd7 10.
f4 {forcing to give up the strong e5 P, but this again weakens the P structure.
} exd4 11. cxd4 O-O 12. Qd3 Re8 13. Kh1 Nf6 14. Bd2 Bg4 15. Rae1 Qd7 16. f5 Re7
{/\ Rae8} 17. Nc3 Rxe1 18. Bxe1 Re8 19. Bd2 Bb4 $1 20. Rf2 Qe7 21. Kg1 Bxc3 22.
Bxc3 Be2 $17 {Kholmov-Rosentalis, SU-FL Sverdlovsk 1984}) 7... Bxc3 8. bxc3 (8.
Bxc3 {looks better if White is fighting for equality!} Nxc3 9. bxc3 exd4 10.
cxd4 O-O (10... Qa5+ 11. Qd2 Qxd2+ 12. Kxd2 Be6 {is already a very comfortable
position for Black.}) 11. Ne2 Be6 12. O-O Nd7 $11) 8... exd4 9. cxd4 O-O 10.
Ne2 {White has to finish his development as soon as possible.} (10. c4 $2 {
is not well-prepared yet:} Re8+ 11. Ne2 Nb6 12. Rc1 (12. c5 Nc4) 12... Bg4 13.
f3 Be6 $17) 10... Re8 11. O-O Bg4 {closing the long /^.} 12. f3 Bf5 13. Re1 (
13. c4 $2 {is now founders on} Bd3 $1) 13... Na6 $1 14. c3 (14. c4 {is met by}
Ndb4 {>< c2,d3}) (14. a3 $5 {/\ c4 seems to be better.}) 14... c5 $1 $17 {
Now White's weaknesses begin to tell.} 15. Qb3 (15. Nf4 $5 Rxe1+ 16. Qxe1 cxd4
17. cxd4 Nxf4 18. Bxf4 Qxd4+ 19. Be3 {sacrifices the weak isolated P in order
to get the ^^ with some practical chances.}) (15. g4 Bd3) 15... Nb6 16. Rad1 $2
{Defending passively the weak isolated P will lose without any counterplay.} ({
Again} 16. Nf4 cxd4 17. cxd4 Qxd4+ 18. Be3 {was the last chance to change the
course of the game.}) 16... Rc8 17. Bc1 $2 {White's pieces move backwards,
which is not a good sign.} Qe7 $1 $19 {Using the pin on the e <-> Black wants
to force White's K to an exposed place.} 18. Kf2 (18. Nf4 $4 Qxe1+ $19) (18. d5
c4 $1) 18... Qf6 $1 {The pressure is growing move by move.} 19. Ba3 Be6 $1 {
regrouping the B.} 20. Qb1 Bc4 21. dxc5 {Finally White had to give up the [+],
but the weaknesses on the << are still there.} Bxe2 22. Rxe2 Rxe2+ 23. Kxe2
Nxc5 24. Bxc5 Rxc5 25. Qe4 g6 26. Qxb7 Qxc3 {materially it is still equal, but
now the white K is a precious target.} 27. Kf1 (27. Qxa7 $2 Qc2+ 28. Rd2 Re5+
29. Kf1 Qc1+ $1 $19 ({immediately} 29... Qxd2 $2 {is answered by} 30. Qb8+))
27... Nd5 $1 {Domination in the [+].} 28. Kg1 (28. Rxd5 Qc1+ 29. Ke2 Rc2+ 30.
Kd3 Rc3+ 31. Ke4 Qe3#) 28... Ne3 29. Rb1 Kg7 {The last prophylactical move
before the final assault.} 30. Bf1 Nxf1 31. Rxf1 Qe3+ 32. Kh1 Qe2 0-1

[Event "Olympiad-34"]
[Site "Istanbul"]
[Date "2000.10.30"]
[Round "3.2"]
[White "Morozevich, Alexander"]
[Black "Almasi, Zoltan"]
[Result "1/2-1/2"]
[WhiteElo "2756"]
[BlackElo "2668"]
[Annotator "Lukacs,P"]
[PlyCount "130"]
[EventDate "2000.10.28"]
[EventType "team-swiss"]
[EventRounds "14"]
[EventCountry "TUR"]
[SourceTitle "EXT 2001"]
[Source "ChessBase"]
[SourceDate "2000.11.22"]
[SourceVersion "1"]
[SourceVersionDate "2000.11.22"]
[SourceQuality "1"]
[WhiteTeam "Russia"]
[BlackTeam "Hungary"]
[WhiteTeamCountry "RUS"]
[BlackTeamCountry "HUN"]

1. e4 e5 2. Nc3 Nc6 3. g3 Bc5 4. Bg2 Nf6 (4... a6 $5 {/\ d6 waiting with the
development of the N is a flexible alternative.}) 5. d3 a6 {securing the B's
position on the g1-a7 /^.} 6. h3 {against Ng4} d6 7. Nge2 Be6 (7... O-O 8. O-O
Ne8 {The N is not particularly well-placed on f6.} 9. Kh2 {/\ f4} f5 10. f4
fxe4 (10... exf4 11. Bxf4 Ba7 12. Qd2 $14) 11. Nxe4 Ba7 12. fxe5 Rxf1 13. Qxf1
Nxe5 14. Ng5 Nf6 (14... Qf6 15. Bd5+ Kh8 16. Bf4 h6 17. Bxe5 dxe5 18. Nf7+ Kh7
19. Qg2 $16 {Godena-Arlandi, 1994}) 15. d4 Ng6 16. Nc3 c6 (16... d5 $2 17. Nxd5
Bxd4 18. Qc4 $18) 17. d5 $14) 8. O-O (8. Nd5 h6 (8... Bxd5 $6 9. exd5 Ne7 10.
Bg5 $1 h6 11. d4 Ba7 12. Bxf6 gxf6 13. Qd3 Qd7 14. O-O-O O-O-O 15. Kb1 $16 {
Epstein-Belakovskaia, USA-ch (Women) 1998}) 9. c3 O-O 10. Kf1 {This is rather
sad...} Bxd5 11. exd5 Ne7 12. Qb3 {1/2:1/2 Popovic-Schussler, Tuzla 1981}) (8.
f4 h6 {Black is not afraid of f4-f5.} (8... Nd4 9. Nxd4 Bxd4 10. Qf3 c6 11. f5
Bd7 12. g4 h6 13. Bd2 Qc7 14. O-O-O O-O-O 15. h4 h5 16. g5 Ng4 17. Rdf1 Qb6 18.
Nd1 $14 {Gufeld-Danov, URS-chT Riga 1975}) 9. Bd2 Qe7 10. Nd5 Bxd5 11. exd5 Nd4
12. c3 Nf5 13. fxe5 dxe5 14. Rf1 Ne3 15. Bxe3 Bxe3 16. Be4 O-O-O 17. Rf3 Bb6
18. Qb3 g6 19. O-O-O Ne8 20. g4 h5 $15 {Short-Jussupow, Linares 1989}) 8... Qd7
$5 {This aggressive plan connected with opposite side castles loks rather
risky.} (8... h6 {is the simple way for equalization.} 9. Be3 (9. Nd5 {is now
not that dangerous, because Bg5 cannot come.} Bxd5 10. exd5 Ne7 11. d4 exd4 12.
Nxd4 O-O 13. Nb3 Bb6 $11) 9... Bxe3 10. fxe3 O-O $11 {and this central
structure is not annoying for Black, the g2 B remains passive.}) (8... O-O {
may also lead to harmless simplifications after} 9. Nd5 Bxd5 10. exd5 Nd4 {
looks even simpler.} (10... Ne7 11. Bg5 Ng6 12. c4 (12. d4 exd4 13. Nxd4 Re8
14. c3 h6 {and the B has to leave.}) 12... h6 13. Be3 Qd7 (13... Re8 14. Qd2
Bxe3 15. fxe3 e4 16. d4 b5 17. b3 $14) 14. Qd2 Nh7 $1 {/\ f5} 15. b4 (15. d4
exd4 16. Nxd4 Rfe8 $11) 15... Bxe3 16. fxe3 f5 17. c5 Nf6 $13) 11. Nxd4 (11.
Nc3 h6) 11... Bxd4 12. c3 Bb6) 9. Kh2 h5 10. Nd5 O-O-O $6 ({Still} 10... Bxd5
$1 {was required} 11. exd5 Ne7 (11... Nd4 12. Nxd4 Bxd4 13. c3 Bb6 14. Bg5 {
Now the weakness of >< g5 begins to tell.} O-O-O 15. Qd2 $14) 12. Nc3 (12. c4
Nf5 $132) (12. d4 exd4 13. Nxd4 O-O-O 14. c4 (14. Bg5 Rde8 15. c4 Nf5) 14...
Nf5 $132 15. Nxf5 Qxf5 $15 {Dabrowska-Gazik, POL-ch ( Women) 2000}) (12. Bg5
Qf5 $1 (12... Nfxd5 13. c4 $1 (13. Bxe7 {is not enough because of} Nxe7 14.
Bxb7 Rb8 15. Bxa6 Rxb2 16. Rb1 Rxb1 17. Qxb1 O-O) 13... Nb4 14. Bxb7 Rb8 15.
Bg2 Nbc6 16. Rb1 f6 17. Be3 Bxe3 18. fxe3 $14 {with chances in the [+] and on
the <<.}) (12... O-O-O {- 10...0-0-0}) 13. Bxf6 (13. Qd2 $5 Nexd5 14. c4 Nb4
15. Bxf6 Qxf6 16. Bxb7 Rb8 17. Bg2) 13... gxf6 $5 {is interesting.} (13... Qxf6
14. Nc3 (14. f4 Nf5 $1 15. fxe5 Qxe5 16. d4 $1 Nxd4 17. Re1 (17. Nxd4 Qxd4 18.
Qe2+ Qe5 19. Rae1 O-O) 17... O-O-O) 14... Qg6 (14... h4 15. Ne4 Qh6 16. Nxc5
dxc5 17. Re1 hxg3+ 18. fxg3 f6 19. Qg4 $14) 15. Ne4 Bb6 $13 {yields nothing
for White.}) 14. d4 Ba7 15. f4 Qg6 16. c3 O-O-O $13) 12... O-O-O 13. Bg5 Ne8 $1
14. Ne4 (14. Bxe7 Qxe7 15. Ne4 Bb6) 14... Bb6 $13 {is better keeping the
strong B on the /^.} (14... f6 {allows} 15. Nxc5 dxc5 16. Be3 h4 17. Bxc5 (17.
g4 Nxd5) 17... hxg3+ 18. fxg3 Nxd5 19. Qf3 $14)) 11. b4 $1 {Crisper than} (11.
Bg5 Bxd5 12. exd5 Ne7 13. d4 exd4 14. Nxd4 Rde8 15. c4 Nf5 $11) 11... Ba7 ({
Accepting the sacrifice is out of question.} 11... Nxb4 $2 12. Nxf6 gxf6 13. c3
Nxa2 (13... Nc6 14. d4 $18) 14. Be3 $16 {and the N is trapped.}) (11... Bxb4 $2
12. Nxb4 Nxb4 13. c3 Nc6 (13... Nxa2 14. Bg5 $16) 14. f4 $1 $44 {<-> b, ^^} (
14. d4 d5 $1 15. dxe5 Nxe5 16. f4 dxe4 $1 17. fxe5 Ng4+ 18. hxg4 Qxd1 19. Rxd1
Rxd1 $19)) (11... Bxd5 $2 {is met by} 12. bxc5 $1 Be6 13. f4 $1 exf4 14. gxf4
dxc5 15. f5 Bc4 16. Bf4 $16) 12. Be3 Bxd5 (12... Bxe3 13. fxe3 h4 (13... Bxd5
14. exd5 Ne7 15. c4 Nf5 16. Qd2 $14 {with attacking chances on the <<.}) 14. g4
Bxg4 {is not correct, for example:} (14... Bxd5 15. exd5 Nxb4 16. c4 $16) 15.
hxg4 Nxg4+ 16. Kh1 h3 17. Bf3 Nxb4 18. Ng3 $1 $18 (18. Nxb4 Nxe3 19. Qd2 Nxf1
20. Rxf1 c6)) 13. exd5 Nd4 14. Nxd4 (14. c3 $2 {is a serious blunder because of
} Ng4+ $1 15. hxg4 hxg4+ 16. Kg1 Nf3+ 17. Bxf3 gxf3 $19) 14... Bxd4 15. Rb1
Bxe3 16. fxe3 $16 e4 17. dxe4 h4 18. g4 {It is not easy to put the N on e5,
where he can blockade the position, and even then White has a dangerous |^ on
the <<.} Qe7 (18... Rhe8 19. Qd4 Kb8 20. b5 axb5 21. Qd3 $40) 19. Qd4 Kb8 20.
a4 (20. b5 $5 a5 (20... axb5 21. Rxb5 Nd7 22. Rfb1 Nc5 23. e5 $1) 21. b6 $16 {
ruining Black's << position.}) 20... Rde8 21. Rf4 (21. b5 $5) 21... Qe5 22. Kg1
Re7 23. Qd3 g6 24. c4 $1 {It is not easy to stop White's advance on the <<,
while Black has no counterchances on the >>.} (24. Rbf1 {is strongly met by}
Nd7 $1 25. Rxf7 (25. b5 $5 a5 (25... axb5 26. axb5) 26. Rxf7 Rxf7 27. Rxf7 Qa1+
28. Rf1 Qxa4 29. Qd4 Qxd4 30. exd4 Re8 31. Rf7 Kc8 32. Rg7 Nf6) 25... Rxf7 26.
Rxf7 Qa1+ 27. Qf1 (27. Rf1 Qxa4) 27... Qxa4 {This P was more valuable for
Black than the f7 one.} 28. b5 Ne5 29. Rf8+ Rxf8 30. Qxf8+ Ka7) 24... Nd7 25.
Qd4 Nb6 26. c5 $1 Nxa4 27. Rc1 Rhe8 28. Qxe5 Rxe5 29. Rxf7 R5e7 30. Rf6 Nb2 31.
Rc3 g5 32. Kf1 (32. cxd6 cxd6 33. Rxd6 $18 {was the easiest way.}) 32... Na4
33. Rc2 a5 {Black is looking for counterplay at any rate, and this is the best
strategy here.} (33... dxc5 34. bxc5 a5 35. Ke2 Re5 36. Kd3 b6 37. cxb6 Nxb6
38. Kd4 $18) 34. cxd6 (34. Ra2 {is worse in view of} Nc3 35. Rxa5 Nxe4) 34...
cxd6 35. bxa5 (35. Ra2 Nc3 36. Rxa5 Nxe4 37. Bxe4 Rxe4 38. Rxd6 Rxe3) 35... Rc7
36. Rxc7 Kxc7 37. Rf7+ Kc8 38. Rg7 Re5 39. Ke2 $1 Nc5 40. Kd2 Kb8 41. Kc3 Kc8 (
41... Nxe4+ $2 42. Bxe4 Rxe4 43. Kd3 Re5 44. Kd4 Kc8 45. e4 $1 Kb8 46. Rd7 $18)
42. Kc4 $1 Kb8 43. Kb5 Kc8 44. Kb6 Na4+ 45. Ka7 {This was a phantastic K march!
} Nc5 46. Bf3 Nb3 47. a6 bxa6 48. Kb6 Nd2 49. Kc6 Kd8 50. Kxd6 $2 (50. Bg2 $1
Nc4 (50... Re7 51. Rg8+ Re8 52. Rxg5 $18) 51. Ra7 a5 52. Bf1 Rxe4 (52... Nd2
53. Kxd6 $18) 53. Bxc4 Rxc4+ 54. Kxd6 $18) 50... Nxf3 51. Rf7 Ke8 $1 $11 {
Black has defended himself very well, and now the _|_ is not that bad.} 52.
Rxf3 Rxe4 {Now Black can save his skin.} 53. Rf6 (53. Rf5 Rxe3 54. Rxg5 Rxh3
$11) 53... Rxe3 54. Kc7 Rxh3 55. Rc6 Rd3 56. d6 h3 57. Rc2 a5 58. Re2+ Kf7 59.
d7 Rc3+ 60. Kd6 Rd3+ 61. Kc7 Rc3+ 62. Kd8 a4 63. Rf2+ Kg7 64. Rd2 Kf7 65. Rf2+
Kg7 1/2-1/2

[Event "Selfoss Milk Masters 1st"]
[Site "Selfoss"]
[Date "2002.10.12"]
[Round "5"]
[White "McShane, Luke J"]
[Black "Sokolov, Ivan"]
[Result "1/2-1/2"]
[WhiteElo "2546"]
[BlackElo "2684"]
[Annotator "Lukacs,P"]
[PlyCount "68"]
[EventDate "2002.10.08"]
[EventType "tourn"]
[EventRounds "9"]
[EventCountry "ISL"]
[EventCategory "12"]
[SourceTitle "CBM 092"]
[Source "ChessBase"]
[SourceDate "2003.02.06"]
[SourceVersion "1"]
[SourceVersionDate "2003.02.06"]
[SourceQuality "1"]

1. e4 e5 2. Nc3 Nf6 3. g3 Bc5 4. Bg2 d6 (4... Nc6) 5. Nge2 (5. Na4 {White can
immediately attack the strong B.} Bg4 6. Ne2 Nc6 {- 5.Nge2 Nc6}) 5... a6 (5...
Nc6 6. Na4 {White can get the ^^, but his pieces are not active enough and
Black has a strong [+].} Bg4 $5 {provoking} (6... Be6 7. d3 (7. Nxc5 dxc5 {
This P structure is favourable for Black despite of his doubled pawns because
of the pressure on the semi-opened d <->.} 8. d3 Qd7) 7... Qd7 8. h3 Bb6 9.
Nxb6 axb6 10. c4 O-O 11. f4 $14 {Mieses-Blackburne, Leipzig 1894}) (6... Bb6 {
Since 7.Nxc5 was not a big threat, the B move is not yet necessary.} 7. O-O (7.
Nxb6 axb6 8. d4 O-O 9. O-O $14 {Krasenkow-Lehti, Jyvaskyla op 1991}) 7... O-O
8. Nxb6 axb6 9. d4 exd4 10. Nxd4 Bd7 (10... Nxd4 11. Qxd4 {White has the
advantage in the [+], and the ^^. This is the typical position White is aiming
for.} Be6 12. b3 Qc8 13. Bg5 Nd7 14. f4 $16 {Benko-Riberio, Tel aviv ol (Men)
1964}) 11. b3 {/\ Bb2 and the two fianchettoed bishops are strong.} Re8 12. Re1
d5 13. Nxc6 Bxc6 14. e5 Nd7 (14... Ne4 15. Bb2 $14) 15. Bb2 $14 {
Gdanski-Macieja, POL-ch Polanica Zdroj 1999}) 7. h3 {although in many cases
White wants to play it.} Be6 8. d3 Bb6 (8... a6 9. Nxc5 dxc5 10. b3 Qd6 11. f4
$14 {Mi.Ceijtlin-L.M.Kovac, Bagneux 1991}) 9. Nxb6 axb6 10. c4 $1 Nd7 11. a3 {
The idea waiting with castles is not so impressive.} f5 12. Nc3 O-O 13. Nd5 b5
14. exf5 Bxf5 15. cxb5 Nd4 16. b4 Nxb5 17. Bb2 c6 18. Ne3 Be6 $11 {Mi.
Ceijtlin-Lukacs, Lodz 1980}) 6. d4 exd4 7. Nxd4 O-O 8. O-O Re8 (8... Bg4 $5 {
deserves attention as well.} 9. Qd2 (9. f3 {is met by the intermediate move}
Nc6 10. Be3 Bd7 11. Qd2 Re8 $11) 9... Re8 (9... Qd7 10. b3 Bh3 11. Bb2 Nc6 12.
Nxc6 Bxg2 13. Kxg2 Qxc6 14. f3 Bb4 15. a3 Bxc3 16. Bxc3 Nd7 17. Rad1 $14 {
S.Polgar-A.Ivanov, Bermuda 1995}) 10. Nb3 (10. h3 Bd7 {/\ Nc6}) 10... Bb6 $13)
9. h3 Nc6 $5 (9... Bd7 $5 {/\ Qc8 and Nc6 avoiding the corruption of the P
structure.} 10. Be3 (10. e5 $6 Bxd4 11. Bxb7 Bxc3 12. Bxa8 Bxh3 $17) 10... Qc8
11. Kh2 Nc6 $13) 10. Nxc6 bxc6 {This P structure is not that bad for Black, as
it looks at first sight.} 11. Re1 (11. e5 $2 Rxe5 12. Bxc6 Bxh3 $19) 11... Rb8
12. b3 {/\ Bb2 and neutralizing the pressure on the semi opened b <->.} Be6 (
12... Nd7 $5 {comes into consideration.} 13. Be3 Bxe3 14. Rxe3 Qf6 $13) 13. Qd2
(13. Bb2 Qd7 (13... d5 14. e5 Nd7 15. Na4 {is a better P structure for White
than before.}) 14. g4 $13) 13... d5 14. e5 Nd7 15. Bb2 Ba7 16. Ne2 (16. Na4 {
is already met by} Nc5 (16... Qe7 17. Rad1) 17. Nxc5 Bxc5 18. Kh2 $11) 16...
Nc5 17. Nf4 (17. Nd4 {was the natural move.} Qd7 18. Nxe6 (18. Kh2 Ne4) 18...
Qxe6 19. Rad1 Bb6 20. Kh2 $14) 17... Bf5 $1 {Here the B can escape.} 18. Bd4
Bb6 (18... Ne4 19. Bxe4 dxe4 20. Rad1 Qxd4 (20... c5 21. Bc3 $14) 21. Qxd4 Bxd4
22. Rxd4 Rxe5 23. g4 $14 {and the weakness of the << begins to tell.}) 19. g4
Ne4 20. Qd3 Qh4 (20... Nxf2 $6 21. Qe3 Nxg4 22. hxg4 Bxg4 23. Bxb6 Rxb6 24. Nd3
$14 {Black has got three pawns for the piece, but his weaknesses on the <<
still remain.}) 21. Bxb6 (21. gxf5 Qxf4 22. Bxb6 cxb6 23. Bxe4 dxe4 24. Qxe4
Qxe4 (24... Qg5+ 25. Qg4 $16) 25. Rxe4 Rbd8 26. Rae1 $14 {and although Black
has the opened d <-> in the R _|_, White's extra P is of great importance.})
21... cxb6 22. Qe3 Bg6 (22... g5 $6 23. Nh5 Bg6 24. Bxe4 Bxh5 25. Bf5 Bg6 26.
Bd7 $14) 23. Nxg6 $6 {This is an early exchange.} (23. Rad1 Ng5 (23... Rxe5 $4
{was not a threat in view of} 24. Nxg6 hxg6 25. f3) 24. Nxg6 hxg6 25. c4 $14)
23... hxg6 24. f4 (24. Bxe4 $2 {is now met by} Rxe5 $1) 24... g5 $1 $132 {
blowing up White's impressive P chain.} 25. Bxe4 dxe4 $11 26. Kg2 (26. Rad1
Rbd8) 26... Rbd8 27. Rad1 gxf4 28. Qxf4 Rxd1 29. Rxd1 Qe7 30. Qxe4 Qxe5 31.
Qxe5 Rxe5 {and the R _|_ is dead draw.} 32. Rd8+ Kh7 33. Kf3 a5 34. c4 b5
1/2-1/2